Statistiques concernant Pays d'Afrique avec une carte vierge

Cliquez ici pour prendre le quiz!

Statistiques générales

  • Ce quiz a été pris 7,292 fois
    (5,127 depuis la dernière actualisation)
  • Le résultat moyen est 48 sur 54

Statistiques - réponses

Pays % Correct
Afrique du Sud
99%
Maroc
99%
Algérie
99%
Rep. Dem. Congo
98%
Égypte
98%
Tunisie
97%
Rep. Congo
97%
Libye
96%
Mali
96%
Niger
96%
Nigeria
95%
Soudan
95%
Sénégal
94%
Mauritanie
93%
Guinée
93%
Éthiopie
93%
Somalie
92%
Kenya
92%
Zimbabwe
92%
Côte d'Ivoire
92%
Angola
91%
Togo
91%
Tchad
91%
Cameroun
91%
Madagascar
90%
Zambie
90%
Tanzanie
90%
Soudan du Sud
90%
Namibie
89%
Ghana
89%
Érythrée
89%
Lesotho
89%
Mozambique
88%
Rwanda
88%
Bénin
87%
République
Centrafricaine
87%
Burkina Faso
86%
Guinée-Bissau
86%
Guinée équatoriale
86%
Cap-Vert
85%
Botswana
85%
Gabon
85%
Djibouti
84%
Liberia
84%
Ouganda
84%
Burundi
83%
Eswatini
83%
Gambie
83%
Malawi
81%
Sierra Leone
80%
Comores
77%
Seychelles
75%
Île Maurice
74%
Sao Tomé-et-
Principe
71%

Distribution des résultats

Percentile par nombre de réponses

% des personnes avec chaque résultat

Votre développement - résultats

Vous n’avez pas pris ce quiz depuis la dernière actualisation